Texas choral connections : Mixed voices tenor-bass voices treble voices

Kaydedildi:
Detaylı Bibliyografya
Materyal Türü: Kitap
Dil:Undetermined
Baskı/Yayın Bilgisi: New York, N. Y. Glencoe McGraw-Hill 1999
Konular:
Etiketler: Etiketle
Etiket eklenmemiş, İlk siz ekleyin!
Thư viện lưu trữ: Trung tâm Học liệu Trường Đại học Cần Thơ
LEADER 00495nam a2200181Ia 4500
001 CTU_117241
008 210402s9999 xx 000 0 und d
082 |a 781 
082 |b T355/Lev.3 
245 0 |a Texas choral connections : 
245 0 |b Mixed voices tenor-bass voices treble voices 
260 |a New York, N. Y. 
260 |b Glencoe McGraw-Hill 
260 |c 1999 
650 |a Music 
650 |x Theory 
904 |i Hiếu 
980 |a Trung tâm Học liệu Trường Đại học Cần Thơ